[Event "Girls U14 Polish Youth Championship"]
[Site "chess24.com"]
[Date "2018.04.30"]
[Round "2"]
[White "Slusarczyk, Milena"]
[Black "Dylag, Emilia"]
[Result "0-1"]
[Board "2"]
[WhiteElo "1449"]
[WhiteCountry "POL"]
[WhiteFideId "21820198"]
[WhiteEloChange "-2"]
[BlackElo "1871"]
[BlackCountry "POL"]
[BlackFideId "21805172"]
[BlackEloChange "2"]

1. e4 {[%clk 1:30:57]} c5 {[%clk 1:30:41]} 2. Nf3 {[%clk 1:31:10]} d6 {[%clk
1:30:57]} 3. d4 {[%clk 1:31:15]} cxd4 {[%clk 1:31:18]} 4. Nxd4 {[%clk 1:31:31]}
Nf6 {[%clk 1:31:33]} 5. Nc3 {[%clk 1:31:49]} a6 {[%clk 1:31:38]} 6. h4 {[%clk
1:31:17]} e5 {[%clk 1:29:07]} 7. Nb3 {[%clk 1:31:12]} Be7 {[%clk 1:26:16]} 8. f4
{[%clk 1:29:31]} Nbd7 {[%clk 1:18:31]} 9. f5 {[%clk 1:20:04]} b5 {[%clk 1:13:06]}
10. a3 {[%clk 1:07:39]} Bb7 {[%clk 1:12:45]} 11. Bd3 {[%clk 1:06:05]} h5 {[%clk
1:03:00]} 12. Bg5 {[%clk 1:04:02]} Rc8 {[%clk 0:59:42]} 13. Qe2 {[%clk 1:01:02]}
Qb6 {[%clk 0:55:04]} 14. O-O-O {[%clk 0:57:47]} Nc5 {[%clk 0:35:04]} 15. Nxc5
{[%clk 0:52:02]} dxc5 {[%clk 0:32:31]} 16. Qe3 {[%clk 0:48:34]} Ng4 {[%clk
0:31:29]} 17. Qg1 {[%clk 0:46:31]} b4 {[%clk 0:28:11]} 18. axb4 {[%clk 0:45:28]}
f6 {[%clk 0:26:52]} 19. Be3 {[%clk 0:43:29]} Qxb4 {[%clk 0:26:44]} 20. Bd2 {[%clk
0:36:06]} c4 {[%clk 0:25:30]} 21. Be2 {[%clk 0:33:15]} Bc5 {[%clk 0:25:09]} 22.
Qf1 {[%clk 0:31:52]} Nf2 {[%clk 0:24:32]} 23. Nd5 {[%clk 0:30:45]} Qa4 {[%clk
0:24:16]} 24. Nc3 {[%clk 0:30:08]} Qa1+ {[%clk 0:24:10]} 25. Nb1 {[%clk 0:30:22]}
Nxh1 {[%clk 0:24:02]} 26. Qxh1 {[%clk 0:30:32]} c3 {[%clk 0:23:32]} 27. Bxc3
{[%clk 0:29:43]} Be3+ {[%clk 0:23:51]} 28. Rd2 {[%clk 0:28:38]} Bxd2+ {[%clk
0:23:58]} 29. Bxd2 {[%clk 0:28:59]} Bxe4 {[%clk 0:24:21]} 30. Bc3 {[%clk
0:28:18]} Qa4 {[%clk 0:23:50]} 31. Qd1 {[%clk 0:27:54]} Bxf5 {[%clk 0:23:24]} 32.
Bd3 {[%clk 0:27:31]} Rd8 {[%clk 0:21:08]} 33. Qe2 {[%clk 0:27:14]} Bxd3 {[%clk
0:21:23]} 34. cxd3 {[%clk 0:27:27]} Qxh4 {[%clk 0:21:24]} 35. Nd2 {[%clk
0:26:35]} O-O {[%clk 0:19:55]} 36. Nf3 {[%clk 0:26:32]} Qg4 {[%clk 0:19:33]} 37.
Qf2 {[%clk 0:26:15]} Rxd3 {[%clk 0:19:35]} 0-1

[Event "Girls U14 Polish Youth Championship"]
[Site "chess24.com"]
[Date "2018.04.30"]
[Round "2"]
[White "Goraj, Barbara"]
[Black "Mezykowska, Emilia"]
[Result "1/2-1/2"]
[Board "3"]
[WhiteElo "1784"]
[WhiteCountry "POL"]
[WhiteFideId "21816166"]
[WhiteEloChange "-7"]
[BlackElo "1464"]
[BlackCountry "POL"]
[BlackFideId "21862524"]
[BlackEloChange "7"]

1. e4 {[%clk 1:30:56]} c5 {[%clk 1:30:56]} 2. Nf3 {[%clk 1:31:17]} Nc6 {[%clk
1:31:21]} 3. d4 {[%clk 1:31:24]} cxd4 {[%clk 1:31:44]} 4. Nxd4 {[%clk 1:31:43]}
g6 {[%clk 1:32:02]} 5. c4 {[%clk 1:31:48]} Bg7 {[%clk 1:32:24]} 6. Be3 {[%clk
1:32:08]} Nf6 {[%clk 1:32:43]} 7. Nc3 {[%clk 1:32:23]} O-O {[%clk 1:33:03]} 8.
Be2 {[%clk 1:31:14]} d6 {[%clk 1:33:15]} 9. O-O {[%clk 1:29:28]} Bd7 {[%clk
1:32:57]} 10. h3 {[%clk 1:25:03]} Nxd4 {[%clk 1:30:29]} 11. Bxd4 {[%clk 1:25:12]}
Bc6 {[%clk 1:30:33]} 12. f3 {[%clk 1:19:41]} Nd7 {[%clk 1:29:04]} 13. Bxg7 {[%clk
1:16:22]} Kxg7 {[%clk 1:29:25]} 14. Qd4+ {[%clk 1:16:35]} Kg8 {[%clk 1:29:03]}
15. Rfd1 {[%clk 1:15:07]} a5 {[%clk 1:26:27]} 16. b3 {[%clk 1:14:27]} Qb6 {[%clk
1:19:25]} 17. Qxb6 {[%clk 1:08:58]} Nxb6 {[%clk 1:19:47]} 18. Rd4 {[%clk
1:08:41]} Nd7 {[%clk 1:12:20]} 19. Rad1 {[%clk 1:05:05]} Nc5 {[%clk 1:09:30]} 20.
Kf2 {[%clk 0:59:50]} Rfd8 {[%clk 1:01:02]} 21. R4d2 {[%clk 0:53:37]} Rd7 {[%clk
0:56:35]} 22. Ke3 {[%clk 0:47:53]} Rad8 {[%clk 0:48:48]} 23. Bd3 {[%clk 0:42:26]}
f6 {[%clk 0:44:25]} 24. Bc2 {[%clk 0:37:07]} b6 {[%clk 0:31:25]} 25. a3 {[%clk
0:35:24]} Kf7 {[%clk 0:29:36]} 26. b4 {[%clk 0:34:21]} Ne6 {[%clk 0:29:25]} 27.
Bb3 {[%clk 0:33:56]} axb4 {[%clk 0:15:14]} 28. axb4 {[%clk 0:34:19]} f5 {[%clk
0:13:11]} 29. exf5 {[%clk 0:23:52]} gxf5 {[%clk 0:13:29]} 30. Nd5 {[%clk
0:21:04]} Bxd5 {[%clk 0:11:18]} 31. Rxd5 {[%clk 0:21:22]} Kf6 {[%clk 0:10:45]}
32. Rb5 {[%clk 0:17:54]} Rb7 {[%clk 0:08:47]} 33. Bc2 {[%clk 0:14:54]} f4+ {[%clk
0:06:36]} 34. Kf2 {[%clk 0:14:12]} h6 {[%clk 0:06:10]} 35. Be4 {[%clk 0:12:53]}
Rbb8 {[%clk 0:06:14]} 36. Rf5+ {[%clk 0:12:24]} Kg7 {[%clk 0:06:19]} 37. Bd5
{[%clk 0:12:12]} Ng5 {[%clk 0:05:13]} 38. Rxf4 {[%clk 0:11:20]} e6 {[%clk
0:05:12]} 39. Bc6 {[%clk 0:07:53]} Rbc8 {[%clk 0:04:58]} 40. b5 {[%clk 0:06:32]}
Nf7 {[%clk 0:03:43]} 41. Rfd4 {[%clk 0:06:14]} Kf6 {[%clk 0:02:52]} 42. f4 {[%clk
0:02:56]} Rc7 {[%clk 0:01:42]} 43. g4 {[%clk 0:02:23]} Ra7 {[%clk 0:01:51]} 44.
R1d3 {[%clk 0:02:01]} Ra2+ {[%clk 0:01:43]} 45. Kg3 {[%clk 0:02:13]} Ra1 {[%clk
0:01:13]} 46. Rf3 {[%clk 0:00:44]} Ke7 {[%clk 0:01:20]} 47. Re4 {[%clk 0:00:53]}
Kf6 {[%clk 0:01:31]} 48. Rf2 {[%clk 0:00:56]} Ra3+ {[%clk 0:01:48]} 49. Kg2
{[%clk 0:01:19]} Ra4 {[%clk 0:01:40]} 50. Rfe2 {[%clk 0:01:22]} e5 {[%clk
0:01:53]} 51. Bd5 {[%clk 0:01:27]} Re8 {[%clk 0:01:38]} 52. Bxf7 {[%clk 0:01:17]}
Kxf7 {[%clk 0:02:04]} 53. Rf2 {[%clk 0:00:56]} Kg7 {[%clk 0:02:02]} 54. Rd2
{[%clk 0:01:03]} Re6 {[%clk 0:02:07]} 55. Kf2 {[%clk 0:00:43]} Kf7 {[%clk
0:02:04]} 56. fxe5 {[%clk 0:00:52]} dxe5 {[%clk 0:02:20]} 57. Rd7+ {[%clk
0:00:57]} Kf6 {[%clk 0:02:33]} 58. h4 {[%clk 0:00:45]} Ra2+ {[%clk 0:02:42]} 59.
Re2 {[%clk 0:01:09]} Ra4 {[%clk 0:02:54]} 60. Rc7 {[%clk 0:01:06]} e4 {[%clk
0:02:51]} 61. Re3 {[%clk 0:00:35]} Ke5 {[%clk 0:02:14]} 62. Re2 {[%clk 0:00:33]}
Kf4 {[%clk 0:02:15]} 63. g5 {[%clk 0:00:55]} hxg5 {[%clk 0:02:28]} 64. hxg5
{[%clk 0:01:19]} Kxg5 {[%clk 0:02:51]} 1/2-1/2

[Event "Girls U14 Polish Youth Championship"]
[Site "chess24.com"]
[Date "2018.04.30"]
[Round "2"]
[White "Pisarek, Elzbieta"]
[Black "Zarebska, Lena"]
[Result "0-1"]
[Board "4"]
[WhiteElo "1434"]
[WhiteCountry "POL"]
[WhiteFideId "21826234"]
[WhiteEloChange "-3"]
[BlackElo "1754"]
[BlackCountry "POL"]
[BlackFideId "21807698"]
[BlackEloChange "3"]

1. e4 {[%clk 1:30:57]} c5 {[%clk 1:30:54]} 2. Nf3 {[%clk 1:31:21]} e6 {[%clk
1:31:19]} 3. d4 {[%clk 1:30:31]} cxd4 {[%clk 1:31:44]} 4. Nxd4 {[%clk 1:30:56]}
Bc5 {[%clk 1:31:45]} 5. Nb3 {[%clk 1:25:41]} Bb6 {[%clk 1:32:09]} 6. Bd3 {[%clk
1:22:52]} Ne7 {[%clk 1:32:22]} 7. Nc3 {[%clk 1:21:55]} O-O {[%clk 1:32:29]} 8.
O-O {[%clk 1:22:15]} f5 {[%clk 1:31:30]} 9. exf5 {[%clk 1:17:19]} Nxf5 {[%clk
1:31:38]} 10. Qe2 {[%clk 1:03:46]} d5 {[%clk 1:27:32]} 11. Kh1 {[%clk 0:56:53]}
Nc6 {[%clk 1:24:54]} 12. f4 {[%clk 0:54:26]} Qh4 {[%clk 0:57:43]} 13. Bxf5 {[%clk
0:39:17]} Rxf5 {[%clk 0:57:57]} 14. Bd2 {[%clk 0:35:58]} Bd7 {[%clk 0:47:35]} 15.
Be1 {[%clk 0:25:03]} Qe7 {[%clk 0:37:34]} 16. Rf3 {[%clk 0:21:35]} Raf8 {[%clk
0:36:25]} 17. Bd2 {[%clk 0:20:25]} Nb4 {[%clk 0:30:02]} 18. Bc1 {[%clk 0:18:30]}
d4 {[%clk 0:29:22]} 19. Ne4 {[%clk 0:17:31]} Bb5 {[%clk 0:28:33]} 20. Qd2 {[%clk
0:14:42]} Bc6 {[%clk 0:28:12]} 21. Qe2 {[%clk 0:13:32]} Nd5 {[%clk 0:27:06]} 22.
g3 {[%clk 0:03:59]} e5 {[%clk 0:15:17]} 23. g4 {[%clk 0:03:26]} Nxf4 {[%clk
0:14:40]} 24. Bxf4 {[%clk 0:03:32]} Rxf4 {[%clk 0:14:46]} 25. Rxf4 {[%clk
0:02:40]} Rxf4 {[%clk 0:14:50]} 26. Nd2 {[%clk 0:02:43]} Qf7 {[%clk 0:13:56]} 27.
Qd3 {[%clk 0:01:03]} Rxg4 {[%clk 0:10:03]} 28. Rf1 {[%clk 0:00:47]} Qd5 {[%clk
0:06:55]} 29. h3 {[%clk 0:00:44]} Rxe4 {[%clk 0:06:07]} 30. Nxe4 {[%clk 0:00:36]}
Qxe4+ {[%clk 0:06:32]} 31. Qxe4 {[%clk 0:00:58]} Bxe4+ {[%clk 0:06:59]} 32. Kh2
{[%clk 0:01:21]} Bxc2 {[%clk 0:07:21]} 33. Re1 {[%clk 0:00:44]} e4 {[%clk
0:07:45]} 34. Kg3 {[%clk 0:00:53]} Kf7 {[%clk 0:07:43]} 35. Kf4 {[%clk 0:01:00]}
Ke6 {[%clk 0:07:41]} 36. b4 {[%clk 0:00:49]} Bc7+ {[%clk 0:07:47]} 37. Kg4 {[%clk
0:01:11]} Be5 {[%clk 0:07:49]} 38. Rc1 {[%clk 0:00:41]} d3 {[%clk 0:08:06]} 0-1

[Event "Girls U14 Polish Youth Championship"]
[Site "chess24.com"]
[Date "2018.04.30"]
[Round "2"]
[White "Adamczyk, Zuzanna"]
[Black "Wojtas, Julia"]
[Result "1-0"]
[Board "5"]
[WhiteElo "1741"]
[WhiteCountry "POL"]
[WhiteFideId "1187570"]
[WhiteEloChange "3"]
[BlackElo "1436"]
[BlackCountry "POL"]
[BlackFideId "21825394"]
[BlackEloChange "-3"]

1. e4 {[%clk 1:30:54]} e6 {[%clk 1:30:48]} 2. d4 {[%clk 1:31:06]} d5 {[%clk
1:31:11]} 3. Nd2 {[%clk 1:31:04]} h6 {[%clk 1:31:29]} 4. c3 {[%clk 1:24:48]} c5
{[%clk 1:29:14]} 5. exd5 {[%clk 1:16:18]} exd5 {[%clk 1:28:51]} 6. Bb5+ {[%clk
1:14:00]} Nc6 {[%clk 1:17:51]} 7. Ngf3 {[%clk 1:12:29]} Qe7+ {[%clk 1:08:56]} 8.
Qe2 {[%clk 0:58:34]} Qxe2+ {[%clk 1:05:12]} 9. Kxe2 {[%clk 0:52:43]} Bd7 {[%clk
0:48:46]} 10. dxc5 {[%clk 0:49:04]} Bxc5 {[%clk 0:48:45]} 11. Nb3 {[%clk
0:48:19]} Bb6 {[%clk 0:47:56]} 12. Rd1 {[%clk 0:38:00]} Nf6 {[%clk 0:44:49]} 13.
Kf1 {[%clk 0:32:37]} O-O {[%clk 0:43:27]} 14. Be2 {[%clk 0:28:37]} Rad8 {[%clk
0:38:58]} 15. Bf4 {[%clk 0:25:23]} Rfe8 {[%clk 0:36:07]} 16. Nfd4 {[%clk
0:18:46]} g5 {[%clk 0:31:29]} 17. Bc1 {[%clk 0:15:29]} Ne5 {[%clk 0:24:21]} 18.
f4 {[%clk 0:08:25]} Neg4 {[%clk 0:16:55]} 19. fxg5 {[%clk 0:06:28]} Nxh2+ {[%clk
0:12:41]} 20. Kg1 {[%clk 0:05:45]} Rxe2 {[%clk 0:11:14]} 21. gxf6 {[%clk
0:05:59]} Ng4 {[%clk 0:11:10]} 22. Rf1 {[%clk 0:05:02]} Kh7 {[%clk 0:09:34]} 23.
a4 {[%clk 0:04:02]} Rg8 {[%clk 0:08:50]} 24. Rf3 {[%clk 0:02:40]} Ne5 {[%clk
0:05:35]} 25. Rf2 {[%clk 0:01:33]} Rxf2 {[%clk 0:05:58]} 26. Kxf2 {[%clk
0:01:58]} Ng4+ {[%clk 0:06:23]} 27. Kf3 {[%clk 0:01:54]} Nxf6 {[%clk 0:06:39]}
28. a5 {[%clk 0:02:05]} Bc7 {[%clk 0:06:51]} 29. Nc5 {[%clk 0:01:29]} Bg4+ {[%clk
0:06:43]} 30. Ke3 {[%clk 0:01:16]} Re8+ {[%clk 0:06:38]} 31. Kf2 {[%clk 0:01:22]}
Ne4+ {[%clk 0:06:41]} 32. Nxe4 {[%clk 0:01:48]} dxe4 {[%clk 0:07:08]} 33. Be3
{[%clk 0:01:35]} f5 {[%clk 0:06:43]} 34. g3 {[%clk 0:01:38]} a6 {[%clk 0:06:25]}
35. b4 {[%clk 0:01:49]} Rg8 {[%clk 0:03:54]} 36. Ne6 {[%clk 0:01:25]} Be5 {[%clk
0:04:02]} 37. Rh1 {[%clk 0:01:27]} h5 {[%clk 0:03:19]} 38. Rc1 {[%clk 0:01:28]}
h4 {[%clk 0:02:40]} 39. gxh4 {[%clk 0:01:19]} Re8 {[%clk 0:01:47]} 40. Nf4 {[%clk
0:01:29]} Rg8 {[%clk 0:00:54]} 41. Ne6 {[%clk 0:01:12]} Kg6 {[%clk 0:00:48]} 42.
Bf4 {[%clk 0:01:14]} Kf6 {[%clk 0:00:43]} 43. Bxe5+ {[%clk 0:01:19]} Kxe5 {[%clk
0:01:01]} 44. Nc5 {[%clk 0:01:27]} Rg7 {[%clk 0:01:04]} 45. Re1 {[%clk 0:01:14]}
Bf3 {[%clk 0:00:57]} 46. Nd3+ {[%clk 0:00:44]} Kd5 {[%clk 0:00:51]} 47. Nf4+
{[%clk 0:00:56]} Kc4 {[%clk 0:01:07]} 48. Rc1 {[%clk 0:00:42]} Rg4 {[%clk
0:01:11]} 49. Ke3 {[%clk 0:01:00]} Rxh4 {[%clk 0:01:12]} 50. Ng6 {[%clk 0:01:22]}
Rh3 {[%clk 0:01:09]} 51. Kf4 {[%clk 0:00:50]} Rh1 {[%clk 0:00:46]} 52. Rc2 {[%clk
0:00:35]} Kb3 {[%clk 0:00:40]} 53. Rd2 {[%clk 0:00:45]} Kxc3 {time[%clk 0:00:26]}
1-0

[Event "Girls U14 Polish Youth Championship"]
[Site "chess24.com"]
[Date "2018.04.30"]
[Round "2"]
[White "Wawrzyniak, Weronika"]
[Black "Kroliczek, Gabriela"]
[Result "1-0"]
[Board "6"]
[WhiteElo "1377"]
[WhiteCountry "POL"]
[WhiteFideId "21817596"]
[WhiteEloChange "18"]
[BlackElo "1729"]
[BlackCountry "POL"]
[BlackFideId "21816727"]
[BlackEloChange "-18"]

1. e4 {[%clk 1:30:51]} c5 {[%clk 1:30:44]} 2. Nf3 {[%clk 1:30:57]} Nc6 {[%clk
1:31:00]} 3. c4 {[%clk 1:30:18]} Nf6 {[%clk 1:29:15]} 4. Nc3 {[%clk 1:29:01]} e6
{[%clk 1:26:01]} 5. d3 {[%clk 1:25:53]} Be7 {[%clk 1:23:49]} 6. Be2 {[%clk
1:23:51]} a6 {[%clk 1:23:26]} 7. O-O {[%clk 1:21:39]} O-O {[%clk 1:23:37]} 8. h3
{[%clk 1:21:05]} Qc7 {[%clk 1:21:06]} 9. Nh2 {[%clk 1:19:45]} Rd8 {[%clk
1:10:20]} 10. f4 {[%clk 1:13:09]} d5 {[%clk 1:09:11]} 11. e5 {[%clk 1:11:52]} Ne8
{[%clk 1:09:31]} 12. Qe1 {[%clk 1:08:35]} Nd4 {[%clk 1:04:22]} 13. Bd1 {[%clk
1:06:44]} b5 {[%clk 0:59:01]} 14. cxb5 {[%clk 1:03:04]} Nxb5 {[%clk 0:57:44]} 15.
Nxb5 {[%clk 1:01:31]} axb5 {[%clk 0:57:55]} 16. Bf3 {[%clk 1:01:12]} Ba6 {[%clk
0:51:06]} 17. Qf2 {[%clk 0:56:30]} Rab8 {[%clk 0:48:48]} 18. Be3 {[%clk 0:53:07]}
d4 {[%clk 0:42:51]} 19. Bd2 {[%clk 0:53:19]} Qd7 {[%clk 0:43:00]} 20. Rac1 {[%clk
0:50:27]} b4 {[%clk 0:38:29]} 21. Be4 {[%clk 0:44:14]} f5 {[%clk 0:29:56]} 22.
exf6 {[%clk 0:44:11]} Nxf6 {[%clk 0:30:19]} 23. Qf3 {[%clk 0:42:01]} Qa4 {[%clk
0:27:43]} 24. Ng4 {[%clk 0:40:20]} Nxe4 {[%clk 0:24:42]} 25. Qxe4 {[%clk
0:40:29]} Rb6 {[%clk 0:20:27]} 26. f5 {[%clk 0:36:37]} Bb7 {[%clk 0:20:19]} 27.
Qe2 {[%clk 0:36:00]} e5 {[%clk 0:12:41]} 28. f6 {[%clk 0:26:45]} Rxf6 {[%clk
0:09:03]} 29. Nxf6+ {[%clk 0:26:43]} gxf6 {[%clk 0:09:25]} 30. Qg4+ {[%clk
0:24:56]} Kf7 {[%clk 0:09:12]} 31. Qh5+ {[%clk 0:24:20]} Ke6 {[%clk 0:08:01]} 32.
Qf5+ {[%clk 0:17:13]} Kd6 {[%clk 0:07:11]} 33. a3 {[%clk 0:15:54]} Rg8 {[%clk
0:06:12]} 34. Rf2 {[%clk 0:15:47]} bxa3 {[%clk 0:03:34]} 35. bxa3 {[%clk
0:16:13]} Qxa3 {[%clk 0:03:50]} 36. Rb1 {[%clk 0:16:33]} Qa6 {[%clk 0:02:09]} 37.
Qxh7 {[%clk 0:15:25]} Rg3 {[%clk 0:02:26]} 38. Rb3 {[%clk 0:15:20]} Bd5 {[%clk
0:01:57]} 39. Rb8 {[%clk 0:13:20]} Qxd3 {[%clk 0:01:14]} 40. Qh8 {[%clk 0:11:18]}
Qe4 {[%clk 0:00:35]} 41. Rb6+ {[%clk 0:09:44]} Kd7 {[%clk 0:00:44]} 42. Kf1
{[%clk 0:01:50]} d3 {[%clk 0:00:50]} 43. Ra6 {[%clk 0:00:37]} Bb7 {[%clk
0:00:33]} 44. Rb6 {[%clk 0:00:38]} Kc7 {[%clk 0:00:43]} 45. Re6 {[%clk 0:00:46]}
Kd7 {[%clk 0:01:07]} 46. Rb6 {[%clk 0:01:10]} c4 {[%clk 0:01:24]} 47. Qb8 {[%clk
0:01:26]} Bc6 {[%clk 0:01:16]} 48. Qa7+ {[%clk 0:01:31]} Ke8 {[%clk 0:01:42]} 49.
Rb8+ {[%clk 0:01:41]} Kf7 {[%clk 0:02:05]} 50. Bb4 {[%clk 0:01:53]} Qe2+ {[%clk
0:00:30]} 51. Rxe2 {[%clk 0:02:09]} dxe2+ {[%clk 0:00:55]} 52. Ke1 {[%clk
0:02:05]} Ke6 {[%clk 0:00:38]} 53. Qxe7+ {[%clk 0:02:26]} Kf5 {[%clk 0:01:06]}
54. Qh7+ {[%clk 0:02:15]} 1-0

[Event "Girls U14 Polish Youth Championship"]
[Site "chess24.com"]
[Date "2018.04.30"]
[Round "2"]
[White "Trzaskowska, Hanna"]
[Black "Bugaj, Hanna"]
[Result "1/2-1/2"]
[Board "7"]
[WhiteElo "1589"]
[WhiteCountry "POL"]
[WhiteFideId "21820716"]
[WhiteEloChange "-4"]
[BlackElo "1427"]
[BlackCountry "POL"]
[BlackFideId "21829870"]
[BlackEloChange "4"]

1. e4 {[%clk 1:30:52]} e5 {[%clk 1:30:53]} 2. Nf3 {[%clk 1:31:13]} Nc6 {[%clk
1:31:15]} 3. Bb5 {[%clk 1:31:32]} a6 {[%clk 1:31:35]} 4. Ba4 {[%clk 1:31:56]} Nf6
{[%clk 1:31:50]} 5. O-O {[%clk 1:31:48]} Nxe4 {[%clk 1:31:25]} 6. d4 {[%clk
1:29:40]} b5 {[%clk 1:30:25]} 7. Bb3 {[%clk 1:29:37]} d5 {[%clk 1:30:07]} 8. dxe5
{[%clk 1:29:02]} Be6 {[%clk 1:30:12]} 9. Nbd2 {[%clk 1:23:03]} Be7 {[%clk
1:28:46]} 10. Nxe4 {[%clk 1:11:51]} dxe4 {[%clk 1:29:02]} 11. Bxe6 {[%clk
1:06:57]} fxe6 {[%clk 1:28:52]} 12. Qxd8+ {[%clk 0:48:51]} Rxd8 {[%clk 1:29:01]}
13. Ng5 {[%clk 0:47:25]} Bxg5 {[%clk 1:27:24]} 14. Bxg5 {[%clk 0:47:49]} Rd5
{[%clk 1:26:53]} 15. Rfe1 {[%clk 0:27:54]} Nxe5 {[%clk 1:23:50]} 16. Rxe4 {[%clk
0:16:52]} Kd7 {[%clk 0:54:16]} 17. Bf4 {[%clk 0:11:40]} Nf7 {[%clk 0:50:10]} 18.
c4 {[%clk 0:09:31]} Rd3 {[%clk 0:37:31]} 19. cxb5 {[%clk 0:06:08]} axb5 {[%clk
0:37:42]} 20. Rc1 {[%clk 0:04:15]} Rc8 {[%clk 0:36:35]} 21. Rce1 {[%clk 0:04:05]}
Re8 {[%clk 0:36:42]} 22. Rc1 {[%clk 0:04:08]} Rc8 {[%clk 0:26:10]} 23. Kf1 {[%clk
0:02:50]} c5 {[%clk 0:24:03]} 24. a4 {[%clk 0:00:59]} bxa4 {[%clk 0:15:21]} 25.
Rxa4 {[%clk 0:01:06]} e5 {[%clk 0:12:35]} 26. Be3 {[%clk 0:01:02]} Rd5 {[%clk
0:11:59]} 27. Rac4 {[%clk 0:00:52]} Rb8 {[%clk 0:08:43]} 28. Rxc5 {[%clk
0:00:42]} Rxc5 {[%clk 0:08:53]} 29. Rxc5 {[%clk 0:00:44]} Rxb2 {[%clk 0:09:02]}
30. Ra5 {[%clk 0:00:46]} Ke6 {[%clk 0:07:57]} 31. Ra7 {[%clk 0:01:02]} Rc2 {[%clk
0:06:06]} 32. Ke1 {[%clk 0:01:00]} g6 {[%clk 0:03:42]} 33. Kd1 {[%clk 0:01:08]}
Rc6 {[%clk 0:03:44]} 34. Ke2 {[%clk 0:01:03]} h5 {[%clk 0:02:13]} 35. Kf3 {[%clk
0:00:49]} Nd6 {[%clk 0:01:28]} 36. Ra4 {[%clk 0:00:42]} Kf5 {[%clk 0:01:07]} 37.
g4+ {[%clk 0:00:38]} hxg4+ {[%clk 0:01:06]} 38. Rxg4 {[%clk 0:00:57]} Rc7 {[%clk
0:00:37]} 39. Rg5+ {[%clk 0:01:02]} Kf6 {[%clk 0:01:01]} 40. Kg2 {[%clk 0:00:46]}
Rc4 {[%clk 0:01:06]} 41. Rg3 {[%clk 0:00:49]} Nf5 {[%clk 0:00:36]} 42. Rf3 {[%clk
0:00:59]} Rg4+ {[%clk 0:00:47]} 43. Kh3 {[%clk 0:00:58]} Rh4+ {[%clk 0:00:51]}
44. Kg2 {[%clk 0:01:23]} Rg4+ {[%clk 0:00:42]} 45. Kh3 {[%clk 0:01:44]} Rh4+
{[%clk 0:01:10]} 46. Kg2 {[%clk 0:02:09]} e4 {[%clk 0:00:43]} 47. Rf4 {[%clk
0:01:08]} Rxf4 {[%clk 0:00:42]} 48. Bxf4 {[%clk 0:01:34]} Nd4 {[%clk 0:00:39]}
1/2-1/2

[Event "Girls U14 Polish Youth Championship"]
[Site "chess24.com"]
[Date "2018.04.30"]
[Round "2"]
[White "Mrozek, Zofia"]
[Black "Hertlein, Irena"]
[Result "1-0"]
[Board "8"]
[WhiteElo "1234"]
[WhiteCountry "POL"]
[WhiteFideId "21855986"]
[WhiteEloChange "18"]
[BlackElo "1582"]
[BlackCountry "POL"]
[BlackFideId "21817618"]
[BlackEloChange "-18"]

1. e4 {[%clk 1:30:58]} c5 {[%clk 1:30:52]} 2. Nf3 {[%clk 1:31:24]} Nc6 {[%clk
1:31:13]} 3. d4 {[%clk 1:31:51]} cxd4 {[%clk 1:31:29]} 4. Nxd4 {[%clk 1:32:17]}
Nf6 {[%clk 1:31:46]} 5. Nc3 {[%clk 1:32:24]} e5 {[%clk 1:32:00]} 6. Ndb5 {[%clk
1:32:25]} d6 {[%clk 1:32:13]} 7. Bg5 {[%clk 1:31:49]} a6 {[%clk 1:32:06]} 8. Na3
{[%clk 1:31:45]} b5 {[%clk 1:32:08]} 9. Nd5 {[%clk 1:31:49]} Be7 {[%clk 1:31:44]}
10. Bxf6 {[%clk 1:31:32]} Bxf6 {[%clk 1:31:52]} 11. c3 {[%clk 1:31:00]} Bg5
{[%clk 1:31:23]} 12. Nc2 {[%clk 1:30:30]} O-O {[%clk 1:28:28]} 13. a4 {[%clk
1:28:59]} bxa4 {[%clk 1:24:38]} 14. Rxa4 {[%clk 1:29:17]} Ne7 {[%clk 1:22:40]}
15. Bc4 {[%clk 1:24:29]} Bb7 {[%clk 1:11:40]} 16. Ncb4 {[%clk 1:16:58]} a5 {[%clk
1:01:23]} 17. Nxe7+ {[%clk 1:15:31]} Qxe7 {[%clk 1:01:07]} 18. Nd5 {[%clk
1:15:55]} Bxd5 {[%clk 1:00:50]} 19. Bxd5 {[%clk 1:16:16]} Rab8 {[%clk 1:00:46]}
20. b3 {[%clk 1:15:39]} Rfc8 {[%clk 0:52:08]} 21. Bc4 {[%clk 1:14:46]} Qb7 {[%clk
0:45:08]} 22. O-O {[%clk 1:09:58]} Qc7 {[%clk 0:38:39]} 23. Qd5 {[%clk 1:09:23]}
Qc5 {[%clk 0:24:50]} 24. Rxa5 {[%clk 1:02:29]} Qxd5 {[%clk 0:20:25]} 25. Rxd5
{[%clk 1:02:44]} Be7 {[%clk 0:19:53]} 26. Ra1 {[%clk 0:58:59]} g6 {[%clk
0:14:44]} 27. g3 {[%clk 0:56:22]} Rc7 {[%clk 0:11:19]} 28. Rda5 {[%clk 0:56:00]}
Kg7 {[%clk 0:10:38]} 29. Ra7 {[%clk 0:55:37]} Rbc8 {[%clk 0:10:09]} 30. Rxc7
{[%clk 0:54:32]} Rxc7 {[%clk 0:10:35]} 31. Rc1 {[%clk 0:54:08]} f5 {[%clk
0:09:40]} 32. exf5 {[%clk 0:54:01]} gxf5 {[%clk 0:10:06]} 33. Bd5 {[%clk
0:54:19]} Bg5 {[%clk 0:09:23]} 34. Rc2 {[%clk 0:54:36]} f4 {[%clk 0:09:06]} 35.
c4 {[%clk 0:54:33]} fxg3 {[%clk 0:09:07]} 36. hxg3 {[%clk 0:54:59]} Bd8 {[%clk
0:07:09]} 37. Ra2 {[%clk 0:54:34]} h6 {[%clk 0:04:16]} 38. Ra6 {[%clk 0:53:24]}
Be7 {[%clk 0:04:33]} 39. b4 {[%clk 0:53:39]} Rc8 {[%clk 0:04:15]} 40. b5 {[%clk
0:53:44]} Rb8 {[%clk 0:04:14]} 41. Kg2 {[%clk 0:50:16]} Kf6 {[%clk 0:01:28]} 42.
Kf3 {[%clk 0:48:21]} Kf5 {[%clk 0:00:39]} 43. Ra7 {[%clk 0:48:20]} Kf6 {[%clk
0:00:37]} 44. Kg4 {[%clk 0:07:27]} Rc8 {[%clk 0:00:33]} 45. Ra3 {[%clk 0:43:05]}
Bd8 {[%clk 0:00:37]} 46. Kh5 {[%clk 0:40:47]} e4 {[%clk 0:00:34]} 47. Re3 {[%clk
0:39:30]} Bb6 {[%clk 0:00:41]} 48. Rxe4 {[%clk 0:39:54]} Bc5 {[%clk 0:00:51]} 49.
Rf4+ {[%clk 0:37:50]} Ke5 {[%clk 0:00:42]} 50. Kxh6 {[%clk 0:33:11]} Be3 {[%clk
0:00:41]} 51. fxe3 {[%clk 0:31:52]} Rh8+ {[%clk 0:00:46]} 52. Kg5 {[%clk
0:31:32]} Rh5+ {[%clk 0:00:56]} 53. Kg4 {[%clk 0:31:38]} Rg5+ {[%clk 0:01:11]}
54. Kf3 {[%clk 0:30:03]} Rxg3+ {[%clk 0:01:30]} 55. Kf2 {[%clk 0:30:09]} Rf3+
{[%clk 0:01:06]} 56. Bxf3 {[%clk 0:30:24]} 1-0